<?xml version="1.0" encoding="UTF-8"?>
<record
    xmlns:xsi="http://www.w3.org/2001/XMLSchema-instance"
    xsi:schemaLocation="http://www.loc.gov/MARC21/slim http://www.loc.gov/standards/marcxml/schema/MARC21slim.xsd"
    xmlns="http://www.loc.gov/MARC21/slim">

  <leader>00377    a2200121   4500</leader>
  <controlfield tag="001">ART_17247</controlfield>
  <controlfield tag="005">20260410161644.0</controlfield>
  <controlfield tag="008">260409a                                 </controlfield>
  <datafield tag="245" ind1="1" ind2="0">
    <subfield code="a">Los "malos cr&#xE9;ditos" seg&#xFA;n la Suprema Corte de Justicia</subfield>
  </datafield>
  <datafield tag="100" ind1="1" ind2=" ">
    <subfield code="a">Moreno, Carolina</subfield>
  </datafield>
  <datafield tag="700" ind1="1" ind2=" ">
    <subfield code="a">Mazzaroni, Diego H.</subfield>
  </datafield>
  <datafield tag="773" ind1="0" ind2=" ">
    <subfield code="t">Consultor tributario</subfield>
    <subfield code="g">- A&#xF1;o 7, N&#xBA; 78 (ago. 2013)</subfield>
    <subfield code="w">REV474</subfield>
  </datafield>
  <datafield tag="999" ind1=" " ind2=" ">
    <subfield code="c">13582</subfield>
    <subfield code="d">13582</subfield>
  </datafield>
</record>
